Fast Math - Halve That Number! - Statistics

General Stats
  • This quiz has been taken 824 times
  • The average score is 15 of 20
Answer Stats
Number Half % Correct
202 101
100%
210 105
100%
216 108
100%
22 11
100%
220 110
100%
222 111
100%
224 112
100%
230 115
100%
260 130
100%
278 139
100%
28 14
100%
282 141
100%
30 15
100%
300 150
100%
320 160
100%
386 193
100%
4 2
100%
410 205
100%
420 210
100%
424 212
100%
430 215
100%
444 222
100%
450 225
100%
454 227
100%
46 23
100%
464 232
100%
484 242
100%
490 245
100%
54 27
100%
596 298
100%
6 3
100%
60 30
100%
612 306
100%
616 308
100%
618 309
100%
62 31
100%
640 320
100%
648 324
100%
652 326
100%
654 327
100%
658 329
100%
66 33
100%
660 330
100%
666 333
100%
680 340
100%
700 350
100%
708 354
100%
752 376
100%
8 4
100%
80 40
100%
800 400
100%
816 408
100%
822 411
100%
826 413
100%
84 42
100%
848 424
100%
850 425
100%
866 433
100%
912 456
100%
916 458
100%
94 47
100%
96 48
100%
98 49
100%
980 490
100%
988 494
100%
100 50
100%
102 51
100%
106 53
100%
110 55
100%
112 56
100%
12 6
100%
120 60
100%
160 80
100%
18 9
100%
184 92
100%
190 95
100%
196 98
100%
42 21
94%
78 39
93%
2 1
92%
268 134
92%
310 155
92%
414 207
92%
818 409
92%
82 41
92%
40 20
91%
90 45
91%
910 455
91%
974 487
91%
246 123
90%
280 140
90%
422 211
90%
448 224
90%
730 365
90%
846 423
90%
858 429
90%
920 460
90%
114 57
90%
122 61
90%
150 75
90%
170 85
90%
180 90
90%
244 122
89%
304 152
89%
356 178
89%
458 229
89%
482 241
89%
560 280
89%
562 281
89%
572 286
89%
632 316
89%
644 322
89%
656 328
89%
674 337
89%
776 388
89%
814 407
89%
820 410
89%
868 434
89%
88 44
89%
900 450
89%
930 465
89%
198 99
89%
200 100
88%
284 142
88%
302 151
88%
308 154
88%
400 200
88%
406 203
88%
470 235
88%
488 244
88%
514 257
88%
68 34
88%
856 428
88%
26 13
87%
286 143
87%
20 10
86%
234 117
86%
290 145
86%
32 16
86%
350 175
86%
360 180
86%
380 190
86%
438 219
86%
44 22
86%
504 252
86%
520 260
86%
56 28
86%
606 303
86%
610 305
86%
684 342
86%
716 358
86%
738 369
86%
762 381
86%
790 395
86%
840 420
86%
882 441
86%
14 7
86%
144 72
86%
186 93
86%
270 135
85%
530 265
85%
764 382
85%
904 452
85%
946 473
85%
226 113
83%
232 116
83%
24 12
83%
242 121
83%
264 132
83%
298 149
83%
312 156
83%
322 161
83%
330 165
83%
440 220
83%
456 228
83%
492 246
83%
52 26
83%
568 284
83%
580 290
83%
604 302
83%
688 344
83%
718 359
83%
72 36
83%
732 366
83%
860 430
83%
874 437
83%
880 440
83%
886 443
83%
890 445
83%
902 451
83%
10 5
83%
140 70
83%
486 243
82%
496 248
82%
74 37
82%
128 64
82%
206 103
80%
228 114
80%
248 124
80%
250 125
80%
256 128
80%
34 17
80%
340 170
80%
348 174
80%
36 18
80%
412 206
80%
462 231
80%
466 233
80%
550 275
80%
566 283
80%
590 295
80%
620 310
80%
622 311
80%
628 314
80%
672 336
80%
724 362
80%
780 390
80%
810 405
80%
832 416
80%
896 448
80%
906 453
80%
934 467
80%
970 485
80%
148 74
80%
154 77
80%
16 8
80%
204 102
78%
272 136
78%
402 201
78%
480 240
78%
510 255
78%
524 262
78%
584 292
78%
592 296
78%
600 300
78%
64 32
78%
676 338
78%
686 343
78%
696 348
78%
70 35
78%
712 356
78%
714 357
78%
742 371
78%
748 374
78%
830 415
78%
86 43
78%
116 58
78%
118 59
78%
156 78
78%
254 127
77%
994 497
77%
214 107
75%
288 144
75%
296 148
75%
336 168
75%
354 177
75%
362 181
75%
364 182
75%
392 196
75%
426 213
75%
446 223
75%
468 234
75%
48 24
75%
50 25
75%
500 250
75%
508 254
75%
516 258
75%
548 274
75%
602 301
75%
608 304
75%
624 312
75%
634 317
75%
646 323
75%
694 347
75%
702 351
75%
720 360
75%
76 38
75%
770 385
75%
824 412
75%
842 421
75%
844 422
75%
854 427
75%
862 431
75%
940 470
75%
952 476
75%
990 495
75%
1000 500
75%
132 66
75%
168 84
75%
266 133
73%
316 158
73%
370 185
73%
372 186
73%
394 197
73%
570 285
73%
802 401
73%
126 63
73%
130 65
73%
158 79
73%
164 82
73%
218 109
71%
344 172
71%
352 176
71%
382 191
71%
390 195
71%
404 202
71%
408 204
71%
416 208
71%
494 247
71%
636 318
71%
642 321
71%
662 331
71%
678 339
71%
710 355
71%
804 402
71%
924 462
71%
124 62
71%
146 73
71%
152 76
71%
188 94
71%
258 129
70%
306 153
70%
512 256
70%
522 261
70%
532 266
70%
540 270
70%
588 294
70%
754 377
70%
792 396
70%
812 406
70%
944 472
70%
428 214
69%
542 271
69%
948 474
69%
208 104
67%
212 106
67%
274 137
67%
292 146
67%
324 162
67%
326 163
67%
328 164
67%
366 183
67%
368 184
67%
452 226
67%
460 230
67%
506 253
67%
544 272
67%
546 273
67%
576 288
67%
626 313
67%
704 352
67%
734 367
67%
740 370
67%
744 372
67%
750 375
67%
864 432
67%
870 435
67%
872 436
67%
888 444
67%
92 46
67%
936 468
67%
998 499
67%
104 52
67%
176 88
67%
342 171
64%
556 278
64%
682 341
64%
722 361
64%
746 373
64%
942 471
64%
142 71
64%
238 119
63%
314 157
63%
358 179
63%
582 291
63%
586 293
63%
692 346
63%
758 379
63%
778 389
63%
808 404
63%
962 481
63%
966 483
63%
194 97
63%
526 263
62%
172 86
61%
38 19
60%
396 198
60%
418 209
60%
474 237
60%
528 264
60%
698 349
60%
828 414
60%
834 417
60%
884 442
60%
502 251
58%
554 277
58%
58 29
58%
690 345
58%
192 96
58%
240 120
57%
276 138
57%
398 199
57%
436 218
57%
536 268
57%
614 307
57%
650 325
57%
796 398
57%
806 403
57%
908 454
57%
932 466
57%
960 480
57%
964 482
57%
984 492
57%
986 493
57%
182 91
57%
262 131
56%
378 189
56%
728 364
56%
756 378
56%
782 391
56%
784 392
56%
892 446
56%
898 449
55%
954 477
55%
108 54
55%
136 68
55%
174 87
55%
574 287
54%
670 335
54%
938 469
53%
318 159
50%
332 166
50%
338 169
50%
388 194
50%
442 221
50%
478 239
50%
534 267
50%
538 269
50%
552 276
50%
578 289
50%
726 363
50%
768 384
50%
788 394
50%
794 397
50%
836 418
50%
838 419
50%
852 426
50%
918 459
50%
928 464
50%
956 478
50%
972 486
50%
978 489
50%
996 498
50%
134 67
50%
162 81
50%
434 217
44%
638 319
44%
878 439
44%
894 447
44%
138 69
44%
294 147
43%
598 299
43%
668 334
43%
706 353
43%
798 399
43%
922 461
43%
982 491
43%
766 383
42%
252 126
40%
432 216
40%
564 282
40%
664 332
40%
786 393
40%
876 438
40%
178 89
40%
384 192
38%
518 259
38%
558 279
38%
498 249
36%
914 457
36%
334 167
33%
346 173
33%
472 236
33%
594 297
33%
736 368
33%
760 380
33%
774 387
33%
926 463
33%
958 479
33%
968 484
33%
992 496
33%
166 83
33%
374 187
29%
376 188
25%
476 238
25%
772 386
25%
236 118
20%
976 488
13%
630 315
0%
950 475
0%
No matching quizzes found
Score Distribution
Percent of People with Each Score
Percentile by Number Answered
Your Score History
You have not taken this quiz